000 01013cam a2200253 4500
008 031013n2003 000 0 eng u
020 _a186197650X
035 _a(Sirsi) u123912
041 _aeng
050 _a658.3124
_c18
100 _aLandsberg, Max
245 _aTao of coaching
_bboost your effectiveness at work by inspiring and developing those around you
250 _a2nd ed.
260 _aLondon
_bProfile
_c2003
300 _axiii, 126p.
_c20cm.
350 _a7.19
520 _aThis concise guide for managers provides practical advice on how to coach team members and colleagues. Includes chapters on giving and receiving feedback; applying the power of questioning; structuring a coaching discussion; building others' skills for team results; and delegation. Glossary and bibliography.
650 _aCOACHING
650 _aCAREERS, EDUCATION AND TRAINING
650 _aPERSONNEL MANAGEMENT
650 _aSTAFF DEVELOPMENT
690 _aMANAGEMENT-BUSINESS MANAGEMENT
942 _n0
999 _c103124
_d103124